00561nam a22001577a 4500003000400000005001700004008004100021040000900062100002300071245006100094260006200155300001900217500013900236942001300375999001500388OSt20130328134356.0130328s2010 sp ||||| |||| 00| 0 cat d cCDMR1 9111aCamí, Jordi10aEsclaus del contrabanb: Ceuta, Melillacde Jordi Camí aBarcelonabCol·legi de Periodistes de CatalunyacDL 2010 a32 p.bil. b/n aCatàleg de l'exposició celebrada entre el 24 de novembre de 2010 i el 14 de gener de 2011 al Col·legi de Periodistes de Barcelona 2udccMON c6031d6031